000 00272nam a22001217a 4500
041 _aENG
100 _aRao.D.L.N
245 _aSalinity Management for Sustainable Agriculture
260 _aKarnal
_bICAR
_c1994
300 _a314
650 _aIDE ( 05 )
856 _uIDE ( 05 )
999 _c2781
_d2781